000 01283nam a2200217 4500
005 20250327154334.0
008 250327b |||||||| |||| 00| 0 eng d
020 _a9781839761423
037 _cTextual
040 _aRTL
_cRTL
084 _aW696 R3
_qRTL
245 _aContraventions: editorials from new left review
260 _aLondon
_bVerso
_c2023
300 _axix, 396p.
_bIncludes index and notes
520 _aThis volume brings together a selection of New Left Review's writings, covering capitalist boom and bust, American hegemony, revolts from below, the rise of China, and Russia's invasion of Ukraine. Bookended by surveys of the broader political-intellectual conjuncture in which the journal is publishing, they examine both the ideologies and on-the-ground operations of liberal-imperial rule, as well as tracking counter-movements from the street to the ballot box. Included are political interventions from Perry Anderson, Tariq Ali, Mike Davis, Susan Watkins, Alexander Cockburn, Peter Gowan, Tony Wood, JoAnn Wypijewski, Tom Hazeldine and Dylan Riley
650 _aEditorials
_9751548
650 _aRight and left (Political science)
_9751549
650 _aSocialism
700 _aWatkins, Susan
_eEditor
_9751550
942 _2CC
_n0
_cTB
_hW696 R3
999 _c1308244
_d1308244